Global China Opening Up and the Belt and Road Initiative

Guardado en:
Detalles Bibliográficos
Otros Autores: Hrubec, Marek
Formato: Libro
Lenguaje:inglés
Publicado: Beijing Foreign Languages Press 2021
Edición:1st Edition
Colección:"Understanding China" Series
Materias:
Etiquetas: Agregar Etiqueta
Sin Etiquetas, Sea el primero en etiquetar este registro!

MARC

LEADER 00000nam a2200000 4500
001 0280870
005 20240822101718.3
020 |a 978-7-119-12308-0 
041 0 |a eng 
044 |a CN 
245 1 0 |a Global China  |b Opening Up and the Belt and Road Initiative  |c Editor-in-Chief: Marek Hrubec 
250 |a 1st Edition 
264 1 |a Beijing  |b Foreign Languages Press  |c 2021 
300 |a [213 s.] 
490 1 |a "Understanding China" Series 
830 0 |a "Understanding China" Series 
610 2 0 |a spolupráca hospodárska medzinárodná 
610 2 0 |a obchod medzinárodný 
610 2 0 |a vzťahy hospodárske medzinárodné 
610 2 0 |a Čína 
700 1 |a Hrubec, Marek